| 000 | 00000nam##2200000za#4500 |
| 001 | 9.661973 |
| 003 | CaOODSP |
| 005 | 20210615120321 |
| 007 | ta |
| 008 | 150407|2000||||xxc||||| f|0| 0 eng|d |
| 020 | |a0-662-65068-9 |
| 040 | |aCaOODSP|beng |
| 041 | |aeng |
| 041 | |afre |
| 043 | |an-cn--- |
| 086 | 1 |aT48-28/2000 |
| 110 | 1 |aCanada.|bTransport Canada. |bTransportation Development Centre. |
| 245 | 10|aWorking for innovation in transportation |
| 260 | |aOttawa - Ontario : |bTransport Canada. |c2000. |
| 546 | |aBilingual |
| 563 | |aPamphlet |
| 590 | |a01-10|b2001-03-09 |
| 690 | 07|aTransport|2gcpds |
| 776 | 0#|tLe centre de développement des transports : |w(CaOODSP)9.675652 |
| 792 | |tAu service de l'innovation en transports |efre|w(CaOODSP)9.661974 |